000 01291nam a22002417a 4500
999 _c63023
_d63023
003 Ge_BSU
005 20250508121606.0
008 250508s2000 ge ||||| |||| 00| 0 geo d
020 _a9992881143
041 _ageo
080 _a303.101.541(479.22) ს-32
245 _aშრომები :
_b1. საქართველოს ეკონომიკურ მეცნიერებათა აკადემია /
_cრედაქტორი ლეო ჩიქავა, როზეტა ასათიანი, ნუგზარ სანთელაძე, გიორგი შუბლაძე.
264 _aთბილისი :
_bსიახლე,
_c2000.
300 _a322 გვ.;
_b20 სმ.
520 _aრეზიუმე თავების ბოლოს
653 _aშრომები
653 _aეკონომიკა
700 _aჩიქავა, ლეო
_eრედაქტორი
_925022
700 _aასათიანი, როზეტა
_eრედაქტორი
_925023
700 _aსანთელაძე, ნუგზარ
_eრედაქტორი
_925019
700 _aშუბლაძე, გიორგი
_eრედაქტორი
_9572
942 _2udc
_cᲬᲘᲒᲜᲘ